| 000 | 00796nam a2200253 i 4500 | ||
|---|---|---|---|
| 001 | bg | ||
| 245 | 0 | 0 |
_aPoradnik chemika analityka. _nT. 2, _pAnaliza instrumentalna / _c[aut. Irena Baranowska et al.] ; pod red. Jerzego Ciby. |
| 260 |
_aWarszawa : _bWydawnictwa Naukowo-Techniczne, _c1992. |
||
| 300 |
_a396 s., [1] k.tabl. luź. : _bwykr. ; _c24 cm. |
||
| 504 | _aBibliogr. przy rozdz. - Indeks. | ||
| 650 | 9 | _aChemia analityczna | |
| 655 | _aPoradniki | ||
| 700 | 1 |
_aCIBA, Jerzy. _eRed. |
|
| 700 | 1 | _aBARANOWSKA, Irena. | |
| 020 | _a8320410029 (całość) | ||
| 020 | _a8320410479 (t.2) | ||
| 040 | _cBPK | ||
| 041 | 0 | _apl | |
| 080 | _a543(03) | ||
| 920 | _a83-204-1002-9 (całość) | ||
| 920 | _a83-204-1047-9 (t.2) | ||
| 942 | _cKS | ||
| 008 | s pl f |000 0 pol | ||
| 999 |
_c30649 _d30649 |
||
| 856 |
_uhttp://koha.tu.koszalin.pl/cgi-bin/koha/opac-detail.pl?biblionumber=30649 _yKatalog online BPK |
||